Normal view
MARC view
- تأليف عقيلي، عمر وصفي، م.مشارك: قحطان بدر العبدلي، حمد راشد الغدير
Entry Personal Name
001 - CONTROL NUMBER
- control field: 56647
003 - CONTROL NUMBER IDENTIFIER
- control field: JO-AjAnu
005 - DATE AND TIME OF LATEST TRANSACTION
- control field: 20230606083301.0
008 - FIXED-LENGTH DATA ELEMENTS
- fixed length control field: 230606|| aca||aabn | a|a d
040 ## - CATALOGING SOURCE
- Original cataloging agency: JO-AjAnu
- Transcribing agency: JO-AjAnu
100 ## - HEADING--PERSONAL NAME
- Personal name: تأليف عقيلي، عمر وصفي، م.مشارك: قحطان بدر العبدلي، حمد راشد الغدير
670 ## - SOURCE DATA FOUND
- Source citation: Work cat.: (JO-AjAnu)28906: تأليف عقيلي، عمر وصفي، م.مشارك: قحطان بدر العبدلي، حمد راشد الغدير, author, مبادىء التسويق: مدخل متكامل